000 01568nam0a2200313 4500
001 RU\NLR\bibl\1734854
005 20250616081055.0
010 _a978-5-7899-0686-6
_9100
021 _aRU
_b2011-1650
_9113
035 _a(NLR Aleph) 001725791
090 _a1368348
_c1368348
100 _a20110210d2010 |||y0rusy50 ca
101 0 _arus
102 _aRU
105 _ay |||||||||
200 1 _aОсобенности расследования преступлений, связанных с уклонением от уплаты налогов с организаций в сфере услуг
_eучебное пособие
_fД.Г. Скориков, С.Ю. Бирюков
_gМ-во внутр. дел Рос. Федерации, Волгогр. акад.
210 _aВолгоград
_cВолгоградская академия МВД России
_d2010
215 _a70, [1] с.
_d20
320 _aБиблиогр. в подстроч. примеч.
606 1 _aНалоговые преступления
_jУчебные издания для высших учебных заведений
_xРасследование
_yРоссийская Федерация
_92078766
_3RU\NLR\auth\661254631
686 _aХ629.431.6я73
700 1 _aСкориков
_bД. Г.
_gДмитрий Геннадьевич
_4070
701 1 _aБирюков
_bС. Ю.
_gСвятослав Юрьевич
_4070
801 0 _aRU
_bNLR
_c20110210
_gRCR
801 1 _aRU
_bNLR
_c20110210
942 _cBOOK
980 _aNB
980 _aNBR